000 00829nam a2200253 a 4500
001 62773
003 BD-RjUL
005 20211209081124.0
008 170125s1991 maua b 001 0 eng d
020 _a0816188572 (alk. paper)
035 _a(BD-RjUL)62901
040 _aDLC
_cDLC
_dDLC
_beng
041 _aeng
082 0 0 _a821.7
_bCRI 1991
245 0 0 _aCritical essays on William Blake /
_cedited by Hazard Adams.
260 _aBoston, Mass. :
_bG.K. Hall,
_c1991.
300 _aix, 214 p. :
_bill. ;
_c24 cm.
504 _aIncludes bibliographical references (p. 205-207) and index.
600 1 0 _aBlake, William,
_d1757-1827
_xCriticism and interpretation.
_9186584
700 1 _aAdams, Hazard,
_d1926-
_9186580
942 _2ddc
_cBK
999 _c62773
_d62773